000 00942nam a2200205Ii 4500
003 JO-AjNU
008 230605s9999||||xx |||||||||||||| ||und||
040 _aJO-AjNU
_bara
_erda
_cJO-AjNU
041 _aara
050 1 4 _aBP153.T3634 2001
100 3 _aالشافعي، تقي الدين أبي بكر بن محمد الحسيني ؛ تحقيق واخراج احاديث: علي عبد الحميد ابو الخير، محمد وهبي سليمان,
_eauthor
_956373
245 0 0 _aكفاية الأخيار في حل غاية الإختصار، ج1+2
250 _aط3/جديدة مصححة ومنقحة
264 3 1 _aبيروت: دار الخير للطباعة والنشر والتوزيع، 2001
300 _aج1، ص1-373 ؛ ج2:ص377-704
336 _atext
_btxt
_2rdacontent
337 _aunmediated
_bn
_2rdamedia
338 _avolume
_bnc
_2rdacarrier
650 4 _aالفقه الشافعي- الفقه الاسلامي
_956374
999 _aA25199
_c28767
_d28767